[Event "FICGS rapid C 000002 email"]
[Site "FICGS email"]
[Date "2006.05.31"]
[Round "1"]
[White "Malvankar, Vikrant"]
[Black "Roussey, Jacques"]
[Result "1-0"]
[WhiteElo "1400"]
[BlackElo "1200"]
[PlyCount "39"]
[EventDate "2006.??.??"]
[EventType "tourn (rapid)"]
[EventRounds "4"]
[SourceTitle "Corr 2022"]
[Source "ChessBase"]
[SourceDate "2021.10.24"]
[SourceVersion "1"]
[SourceVersionDate "2021.10.24"]
[SourceQuality "1"]

1. e4 c6 2. d4 d5 3. e5 Bf5 4. Nf3 e6 5. Be2 c5 6. 0-0 Ne7 7. c4 Nbc6 8. dxc5 d4 9. Qa4 Qd7 10. Rd1 Rd8 11. Nc3 a6 12. Nxd4 Nxe5 13. Nxe6 Bxe6 14. Rxd7 Rxd7 15. Bf4 N7g6 16. Bxe5 Nxe5 17. Ne4 Be7 18. Nd6+ Kf8 19. f4 Bxd6 20. cxd6 1-0

[Event "FICGS class G 000001 email"]
[Site "FICGS email"]
[Date "2006.05.25"]
[Round "1"]
[White "Roussey, Jacques"]
[Black "Herr, Jeff"]
[Result "1-0"]
[WhiteElo "1200"]
[BlackElo "1200"]
[PlyCount "53"]
[EventDate "2006.??.??"]
[EventType "tourn (corr)"]
[EventRounds "4"]
[SourceTitle "Corr 2022"]
[Source "ChessBase"]
[SourceDate "2021.10.24"]
[SourceVersion "1"]
[SourceVersionDate "2021.10.24"]
[SourceQuality "1"]

1. e4 e5 2. Nf3 Nc6 3. d4 exd4 4. Bc4 d6 5. c3 dxc3 6. Nxc3 Bg4 7. h3 Bh5 8. Qd5 Nf6 9. Qd3 Bxf3 10. Qxf3 Ne5 11. Qe2 Nxc4 12. Qxc4 Qd7 13. Bg5 Be7 14. 0-0 0-0 15. Rad1 Ne8 16. Bxe7 Qxe7 17. Nd5 Qd8 18. Rc1 c6 19. Ne3 Nc7 20. Rfd1 Qe7 21. f3 Kh8 22. Nf5 Qg5 23. Nxd6 Qg6 24. Nxb7 f5 25. exf5 Rxf5 26. Qxc6 Ne6 27. Nd6 1-0

[Event "FICGS class G 000001 email"]
[Site "FICGS email"]
[Date "2006.05.25"]
[Round "1"]
[White "Werhan, Matthew"]
[Black "Roussey, Jacques"]
[Result "1-0"]
[WhiteElo "893"]
[BlackElo "1200"]
[PlyCount "23"]
[EventDate "2006.??.??"]
[EventType "tourn (corr)"]
[EventRounds "4"]
[SourceTitle "Corr 2022"]
[Source "ChessBase"]
[SourceDate "2021.10.24"]
[SourceVersion "1"]
[SourceVersionDate "2021.10.24"]
[SourceQuality "1"]

1. e4 e5 2. Bc4 Nf6 3. d3 Bc5 4. Nf3 d6 5. 0-0 0-0 6. c3 Nc6 7. b4 Bb6 8. a4 a6 9. Bg5 h6 10. Bh4 Be6 11. Bxe6 fxe6 12. Na3 1-0

[Event "FICGS class F 000002 email"]
[Site "FICGS email"]
[Date "2006.05.23"]
[Round "1"]
[White "Sahin, Hamdullah"]
[Black "Roussey, Jacques"]
[Result "1-0"]
[WhiteElo "1200"]
[BlackElo "1200"]
[PlyCount "41"]
[EventDate "2006.??.??"]
[EventType "tourn (corr)"]
[EventRounds "5"]
[SourceTitle "Corr 2022"]
[Source "ChessBase"]
[SourceDate "2021.10.24"]
[SourceVersion "1"]
[SourceVersionDate "2021.10.24"]
[SourceQuality "1"]

1. d4 f5 2. Nf3 Nf6 3. e3 e6 4. Nc3 d5 5. Ne5 c6 6. Bd3 Bd6 7. f4 0-0 8. Rg1 Ne4 9. Nxe4 fxe4 10. Be2 Qh4+ 11. Kd2 c5 12. Qe1 Qxh2 13. c3 cxd4 14. Kd1 Bxe5 15. fxe5 dxc3 16. bxc3 Qxe5 17. Bd2 Nc6 18. Rc1 Bd7 19. g4 Rf7 20. g5 Ne7 21. a3 1-0

[Event "FICGS theme 0000 email"]
[Site "FICGS email"]
[Date "2006.05.19"]
[Round "1"]
[White "Riha, Josef"]
[Black "Roussey, Jacques"]
[Result "1-0"]
[WhiteElo "1476"]
[BlackElo "1200"]
[PlyCount "55"]
[EventDate "2006.??.??"]
[EventType "swiss (corr)"]
[EventRounds "1"]
[SourceTitle "Corr 2022"]
[Source "ChessBase"]
[SourceDate "2021.10.24"]
[SourceVersion "1"]
[SourceVersionDate "2021.10.24"]
[SourceQuality "1"]

1. e4 e5 2. f4 d5 3. exd5 e4 4. Bb5+ c6 5. dxc6 bxc6 6. Bc4 Nf6 7. Be2 Bc5 8. Kf1 0-0 9. Nc3 Qd4 10. Qe1 Bf5 11. Qh4 Ng4 12. Bxg4 Bxg4 13. h3 Be6 14. Nge2 Bc4 15. d3 Bxd3 16. cxd3 Qxd3 17. f5 Re8 18. Bf4 e3 19. f6 Bd4 20. Rd1 Bxf6 21. Rxd3 Bxh4 22. g3 Bf6 23. Bxe3 Na6 24. Kf2 Rab8 25. b3 Nb4 26. Rd7 a6 27. Bc5 Rb5 28. Nxb5 1-0

[Event "FICGS theme 0000 email"]
[Site "FICGS email"]
[Date "2006.05.19"]
[Round "1"]
[White "Roussey, Jacques"]
[Black "Konuhov, Konstantin"]
[Result "0-1"]
[WhiteElo "1200"]
[BlackElo "1488"]
[PlyCount "26"]
[EventDate "2006.??.??"]
[EventType "swiss (corr)"]
[EventRounds "1"]
[SourceTitle "Corr 2022"]
[Source "ChessBase"]
[SourceDate "2021.10.24"]
[SourceVersion "1"]
[SourceVersionDate "2021.10.24"]
[SourceQuality "1"]

1. e4 e5 2. f4 exf4 3. Nf3 g5 4. h4 g4 5. Ne5 Qe7 6. d4 d6 7. Nxg4 Qxe4+ 8. Qe2 Qe7 9. Bxf4 Bxg4 10. Qxe7+ Nxe7 11. Nd2 Nbc6 12. c3 Nd5 13. Bc4 Nxf4 0-1

[Event "Besancon op"]
[Site "Besancon"]
[Date "2004.12.29"]
[Round "4"]
[White "Roussey, Jacques"]
[Black "Chavetnoir, Rene"]
[Result "0-1"]
[WhiteElo "1560"]
[BlackElo "1780"]
[PlyCount "68"]
[EventDate "2004.12.27"]
[EventType "swiss"]
[EventRounds "7"]
[EventCountry "FRA"]
[SourceTitle "EXT 2006"]
[Source "ChessBase"]
[SourceDate "2005.11.24"]
[SourceVersion "1"]
[SourceVersionDate "2005.11.24"]
[SourceQuality "1"]

1. e4 c5 2. Nf3 d6 3. d4 cxd4 4. Nxd4 Nf6 5. Nc3 a6 6. Bg5 Nbd7 7. f4 h6 8. Bh4 Qc7 9. Be2 e6 10. Qd2 Be7 11. Bf2 b5 12. Bf3 Bb7 13. a3 Rc8 14. g4 Nb6 15. 0-0-0 Nc4 16. Qd3 Nxa3 17. Ncxb5 Nxb5 18. g5 hxg5 19. fxg5 Nd7 20. g6 Nxd4 21. gxf7+ Kxf7 22. Bxd4 e5 23. Be3 Nf6 24. Qb3+ Kf8 25. Qd3 Qc4 26. Qd2 Bxe4 27. Bxe4 Qxe4 28. Rhf1 Qc4 29. Bg5 Kg8 30. Qg2 Qe6 31. Rg1 Rh7 32. Rd3 e4 33. Rb3 Qxb3 34. Bh6 Rxc2+ 0-1